| 000 | 00562nam a2200157 a 4500 | ||
|---|---|---|---|
| 008 | 101028s1985 ||||||||||||||||| || | | ||
| 050 | _aZLA(05)J | ||
| 100 | _aMbewe, Godfrey L | ||
| 245 | 1 | 4 | _aThe library and the Zambian society |
| 260 |
_aLusaka _bZambia Library Association (ZLA) _c1985 |
||
| 300 | _a39-48pp | ||
| 350 | _a0.00 | ||
| 500 | _aVolume 16 | ||
| 650 | _aLIBRARIES -- ZAMBIA | ||
| 995 |
_D0.00 _FCBU-MAIN LIBRARY (Kitwe) _H1 _I0.00 _M1 _UAVAILABLE _WOct 28, 2010 _ZZambiana Collection |
||
| 999 |
_c49211 _d49211 |
||